নবম জাতীয় সংসদ প্রধানমন্ত্রীর প্রশ্নোত্তর (Record no. 17524)
[ view plain ]
| 000 -LEADER | |
|---|---|
| fixed length control field | 00875nam a22002177a 4500 |
| 003 - CONTROL NUMBER IDENTIFIER | |
| control field | BD-DhSAU |
| 005 - DATE AND TIME OF LATEST TRANSACTION | |
| control field | 20240729102318.0 |
| 008 - FIXED-LENGTH DATA ELEMENTS--GENERAL INFORMATION | |
| fixed length control field | 240626b2019 bg a|||| |||| 00| 0 bg d |
| 020 ## - INTERNATIONAL STANDARD BOOK NUMBER | |
| International Standard Book Number | 9789849120742 |
| 040 ## - CATALOGING SOURCE | |
| Original cataloging agency | BD-DhSAU |
| 082 ## - DEWEY DECIMAL CLASSIFICATION NUMBER | |
| Edition number | 22 |
| Classification number | 923.295492 S543 |
| 245 ## - TITLE STATEMENT | |
| Title | নবম জাতীয় সংসদ প্রধানমন্ত্রীর প্রশ্নোত্তর |
| Remainder of title | ৩য় খণ্ড [২০০৯-২০১৩] |
| Statement of responsibility, etc. | ইহসানুল করিম |
| 260 ## - PUBLICATION, DISTRIBUTION, ETC. (IMPRINT) | |
| Place of publication, distribution, etc. | ঢাকাঃ |
| Name of publisher, distributor, etc. | গৌরব প্রকাশনা; |
| Date of publication, distribution, etc. | ২০১৯ |
| 300 ## - PHYSICAL DESCRIPTION | |
| Extent | 350 p. : |
| Other physical details | ill. ; |
| Dimensions | 22 cm. |
| 500 ## - GENERAL NOTE | |
| General note | Includes index. |
| 590 ## - Name of Cataloguer | |
| Name of Cataloger | roy |
| 650 ## - SUBJECT ADDED ENTRY--TOPICAL TERM | |
| Topical term or geographic name as entry element | জাতীয় সংসদ |
| 650 ## - SUBJECT ADDED ENTRY--TOPICAL TERM | |
| Topical term or geographic name as entry element | প্রধানমন্ত্রীর প্রশ্নোত্তর |
| 700 ## - ADDED ENTRY--PERSONAL NAME | |
| Personal name | করিম,ইহসানুল |
| 942 ## - ADDED ENTRY ELEMENTS (KOHA) | |
| Source of classification or shelving scheme | Dewey Decimal Classification |
| Koha item type | Book |
| Withdrawn status | Lost status | Source of classification or shelving scheme | Damaged status | Not for loan | Home library | Branch Name | Date acquired | Total Checkouts | Full call number | Barcode | Date last seen | Price effective from | Koha item type |
|---|---|---|---|---|---|---|---|---|---|---|---|---|---|
| Dewey Decimal Classification | SAU Library | SAU Library | 26/06/2024 | 923.295492 S543 | 45264 | 29/07/2024 | 29/07/2024 | Book |
